| 000 | 00774nam a2200241 i 4500 | ||
|---|---|---|---|
| 001 | 77631 | ||
| 003 | ES-MaACL | ||
| 005 | 20240528062729.0 | ||
| 007 | t| | ||
| 008 | 041028s2001 pr ||||1| spa d | ||
| 020 | _a0-8477-0121-2 | ||
| 080 | _a82-1(87) | ||
| 245 | 0 | 0 |
_aAntología histórica de la poesía venezolana del siglo XIX (1907-1996) / _cestudio y selección Julio Miranda. |
| 250 | _a1ª ed. | ||
| 260 |
_aSan Juan de Puerto Rico : _bUniversidad de Puerto Rico, _c2001. |
||
| 300 |
_a714 p. ; _c23 cm. |
||
| 650 |
_aPoesia venezolana _ys. XIX _9235688 |
||
| 655 | 7 |
_2tgfbne _aPoesías _9176539 |
|
| 700 | 1 |
_aMiranda, Julio. _981527 |
|
| 852 |
_aES-MaACL _jE-10175 _bR.134406 |
||
| 942 | _2udc | ||
| 999 |
_c77631 _d77631 |
||